| 000 | 00423nam a22001697a 4500 | ||
|---|---|---|---|
| 003 | SGT | ||
| 020 | _a9789354660351 | ||
| 082 |
_a616.5 _bD22S |
||
| 100 | _aSARDANA, KABIR | ||
| 245 | _aTB. OF DERMATOLOGY AND SEXUALLY TRANSMITTED DISEASES | ||
| 250 | _a2ND | ||
| 260 |
_aINDIA _bCBS PUB _c2022 |
||
| 300 | _a526 | ||
| 650 | _aDERMATOLOGY | ||
| 653 | _a DERMATOLOGY AND SEXUALLY TRANSMITTED DISEASES | ||
| 942 |
_2ddc _cBK |
||
| 999 |
_c30574 _d30574 |
||